Solo Leveling - Nation Level Hunter - Statistics

General Stats
  • This quiz has been taken 116 times
  • The average score is 3 of 6
Answer Stats
Picture Answer % Correct
Sung Jin-Woo
97%
Thomas Andre
76%
Christopher Reed
46%
Liu Zhigang
30%
Antoine Martinez
6%
Siddarth bachchan
3%
No matching quizzes found
Score Distribution
Percent of People with Each Score
Percentile by Number Answered
Your Score History
You have not taken this quiz